000 00356nam a2200121Ia 4500
008 240731s9999 xx 000 0 und d
022 _a1749-8341
245 0 _aBSHM Bulletin: Journal of the British Society for the History of Mathematics
260 _bTaylor & Francis
856 _uhttps://www.tandfonline.com/loi/tbsh20
942 _2ddc
942 _cTFEJ
999 _c75580
_d75580
945 _a1
_bMadushi Gamage
_c1
_dMadushi Gamage